000 00822nam a2200217Ia 4500
001 14695
005 20260409162422.0
008 260306t1991||||xx |||||||||||||| ||spa||
041 _aESP
082 _a515.9
_bS75
100 _aMurray R. Spiegel
_eAUT
245 0 _aVariable compleja
260 _c1991
300 _axii, 556 páginas :
_c23 cm.
650 _aGEN
654 _aCMA
856 _uhttps://itmsp.museknowledge.com/UCSP?url=https://www.ebooks7-24.com:443/?il=609&pg=1
_zVersión digital (2011)
856 _uhttps://0u213vt56-y-https-ebooks7--24-com.itmsp.museknowledge.com/biblioteca.aspx
_zVéase además: Base de datos Ebook7-24
856 _uhttps://0u20fvt57-y-https-research-ebsco-com.itmsp.museknowledge.com/c/qxo6us/search
_zVéase además: Base de datos EBSCOhost
942 _cLIB
_dJUS
_fJUS
_2ddc
999 _c14695
_d14695